Statistics for U.S. States Starting with M and their Capitals

Click here to take the quiz!

General Stats

  • This quiz has been taken 29 times
  • The average score is 14 of 16

Answer Stats

State% Correct
Maine
100%
Missouri
100%
Montana
100%
Michigan
96%
Mississippi
96%
Maryland
92%
Minnesota
92%
Helena
88%
Massachusetts
88%
Augusta
84%
Boston
84%
Jackson
84%
Lansing
84%
Annapolis
80%
Jefferson City
80%
St. Paul
80%

Score Distribution

Percentile by Number Answered

Percent of People with Each Score

Your Score History

You have not taken this quiz